[Event "3rd QCP Open &amp; Fort Worth Ch"]
[Site "Fort Worth, TX"]
[Date "2020.07.18"]
[Round "1"]
[White "Woodward, Andy"]
[Black "Teng, Benjamin"]
[Result "1-0"]
[WhiteElo "2169"]
[BlackElo "1728"]
[PlyCount "45"]
[EventDate "2020.07.18"]
[EventType "swiss"]
[EventRounds "5"]
[EventCountry "USA"]

1. d4 Nf6 2. c4 e6 3. Nc3 d5 4. cxd5 exd5 5. Bg5 c6 6. Qc2 Bd6 7. e3 O-O 8. Bd3
g6 9. Nf3 Re8 10. h4 Be7 11. Bxf6 Bxf6 12. h5 Qe7 13. hxg6 hxg6 14. Bxg6 fxg6
15. Qxg6+ Kf8 16. Ng5 Bg7 17. Rh4 Qc7 18. O-O-O Ke7 19. Rh7 Kd8 20. Rxg7 Bd7
21. Nf7+ Kc8 22. Nd6+ Kd8 23. Qg5+ 1-0

[Event "3rd QCP Open &amp; Fort Worth Ch"]
[Site "Fort Worth, TX"]
[Date "2020.07.18"]
[Round "1"]
[White "Morales, Stephen"]
[Black "Amburgy, Ryan"]
[Result "0-1"]
[WhiteElo "1690"]
[BlackElo "2133"]
[PlyCount "68"]
[EventDate "2020.07.18"]
[EventType "swiss"]
[EventRounds "5"]
[EventCountry "USA"]

1. e4 e5 2. Nc3 Nf6 3. Bc4 Nc6 4. d3 Na5 5. Nge2 Bc5 6. h3 d6 7. Bg5 h6 8. Be3
Bxe3 9. fxe3 Nxc4 10. dxc4 Be6 11. b3 Nh5 12. O-O Qg5 13. Rf3 O-O-O 14. Qe1
Rhf8 15. Ng3 g6 16. Nxh5 Qxh5 17. Nd5 f5 18. exf5 Bxd5 19. cxd5 gxf5 20. c4 Rg8
21. Kh2 Rg5 22. Qf2 Rdg8 23. Rg1 b6 24. b4 Qg6 25. Qe2 e4 26. Rf2 Rg3 27. Rff1
Qg5 28. Qf2 Kb8 29. Re1 Qg7 30. Rc1 Qe5 31. Kh1 R8g5 32. Rc2 Rh5 33. Qf4 Qg7
34. c5 Rhxh3+ 0-1

[Event "3rd QCP Open &amp; Fort Worth Ch"]
[Site "Fort Worth, TX"]
[Date "2020.07.18"]
[Round "1"]
[White "Blakeman, Cole"]
[Black "Smith, Alan"]
[Result "1-0"]
[WhiteElo "2082"]
[BlackElo "1664"]
[PlyCount "49"]
[EventDate "2020.07.18"]
[EventType "swiss"]
[EventRounds "5"]
[EventCountry "USA"]

1. f4 d5 2. Nf3 Nf6 3. g3 Bf5 4. Bg2 Nbd7 5. d3 c6 6. Nh4 e6 7. Nxf5 exf5 8. e3
Qb6 9. O-O O-O-O 10. a4 d4 11. Nd2 dxe3 12. Nc4 Qc7 13. Bxe3 a6 14. Bf3 Bc5 15.
Bxc5 Nxc5 16. b4 Nce4 17. Qe1 Nd6 18. Ne5 Qb6+ 19. Kg2 Ng4 20. Nxg4 fxg4 21.
Bxg4+ f5 22. Bxf5+ Kb8 23. Bg4 h5 24. Bf3 Nf5 25. Qe5+ 1-0

[Event "3rd QCP Open &amp; Fort Worth Ch"]
[Site "Fort Worth, TX"]
[Date "2020.07.18"]
[Round "1"]
[White "Black, Kendall"]
[Black "Feldman, Konner"]
[Result "0-1"]
[WhiteElo "1652"]
[BlackElo "2054"]
[PlyCount "80"]
[EventDate "2020.07.18"]
[EventType "swiss"]
[EventRounds "5"]
[EventCountry "USA"]

1. Nf3 Nf6 2. g3 g6 3. Bg2 Bg7 4. O-O O-O 5. d4 d6 6. c4 Nbd7 7. Nc3 e5 8. e4
exd4 9. Nxd4 Re8 10. Re1 a6 11. Be3 Ne5 12. b3 Bg4 13. Qd2 c5 14. Nc2 Nf3+ 15.
Bxf3 Bxf3 16. Bg5 Qd7 17. Qf4 Qg4 18. Re3 Qxf4 19. Bxf4 Nxe4 20. Rxf3 Nxc3 21.
Re1 Ne2+ 22. Kf1 Nxf4 23. Rxf4 f5 24. Ne3 Bh6 25. Rf3 Bxe3 26. Rfxe3 Kf7 27. f4
Rad8 28. Kf2 b6 29. Kf3 Rxe3+ 30. Rxe3 d5 31. cxd5 Rxd5 32. Ke2 Rd6 33. Re5 Re6
34. Ke3 h6 35. h4 Rxe5+ 36. fxe5 Ke6 37. Kf4 b5 38. a3 a5 39. g4 fxg4 40. Kxg4
Kxe5 0-1

[Event "3rd QCP Open &amp; Fort Worth Ch"]
[Site "Fort Worth, TX"]
[Date "2020.07.18"]
[Round "1"]
[White "Steiner, Tim"]
[Black "Chryst, Thomas"]
[Result "1-0"]
[WhiteElo "2040"]
[BlackElo "1613"]
[PlyCount "59"]
[EventDate "2020.07.18"]
[EventType "swiss"]
[EventRounds "5"]
[EventCountry "USA"]

1. e4 e6 2. d4 d5 3. Nc3 Bb4 4. e5 c5 5. a3 Bxc3+ 6. bxc3 Nc6 7. Qg4 g6 8. Nf3
Qc7 9. Bd3 Bd7 10. O-O O-O-O 11. a4 h5 12. Qf4 Be8 13. Ba3 c4 14. Be2 f5 15.
Rfb1 Bf7 16. a5 Nge7 17. Qc1 Rd7 18. Bc5 Kd8 19. Qa3 Nc8 20. Qa4 Ke8 21. Ng5
Nd8 22. h4 Qc6 23. Qa3 Bg8 24. Qc1 b6 25. axb6 axb6 26. Bb4 Qb7 27. Nh3 Rhh7
28. Qg5 Rhg7 29. Nf4 Bf7 30. Nxh5 1-0

[Event "3rd QCP Open &amp; Fort Worth Ch"]
[Site "Fort Worth, TX"]
[Date "2020.07.18"]
[Round "1"]
[White "Heise, Robert"]
[Black "Wenz, William"]
[Result "1/2-1/2"]
[WhiteElo "1567"]
[BlackElo "2001"]
[PlyCount "84"]
[EventDate "2020.07.18"]
[EventType "swiss"]
[EventRounds "5"]
[EventCountry "USA"]

1. e4 Nf6 2. e5 Nd5 3. d4 d6 4. c4 Nb6 5. Nf3 Nc6 6. exd6 cxd6 7. Be3 Bg4 8. h3
Bh5 9. Nc3 e6 10. a3 d5 11. c5 Nc4 12. Bxc4 dxc4 13. Qa4 Bxf3 14. gxf3 Qf6 15.
O-O-O Be7 16. d5 exd5 17. Nxd5 Qe5 18. f4 Qb8 19. Nxe7 Kxe7 20. Qxc4 Rd8 21.
Qe4+ Kf8 22. Qxh7 Ne7 23. Rxd8+ Qxd8 24. Rd1 Qc8 25. h4 Nf5 26. Qh8+ Ke7 27.
Qxc8 Rxc8 28. b4 Nxh4 29. Kc2 Nf5 30. Kc3 Ke6 31. Kc4 Rc7 32. a4 Ne7 33. Rd6+
Kf5 34. b5 Ke4 35. a5 Nf5 36. Rd8 Nxe3+ 37. fxe3 Kxe3 38. Rd4 f5 39. b6 axb6
40. axb6 Re7 41. Kc3 Kf3 42. Kc4 Ke3 1/2-1/2

[Event "3rd QCP Open &amp; Fort Worth Ch"]
[Site "Fort Worth, TX"]
[Date "2020.07.18"]
[Round "1"]
[White "Root, Alexey"]
[Black "Larsen, James"]
[Result "1-0"]
[WhiteElo "2000"]
[BlackElo "1500"]
[Annotator "Root, Alexey"]
[PlyCount "55"]
[EventDate "2020.07.18"]
[EventType "swiss"]
[EventRounds "5"]
[EventCountry "USA"]

1. d4 Nf6 2. Nf3 e6 3. c4 d5 4. e3 Bb4+ 5. Bd2 Be7 (5... Bd6) (5... Qe7) 6. Nc3
O-O 7. Bd3 Nbd7 8. O-O c5 9. cxd5 exd5 10. Rc1 b6 11. Ne5 Bb7 (11... Nxe5 {is
what the computer recommended for Black.}) 12. Qa4 Nxe5 13. dxe5 Nd7 14. f4 c4
15. Be2 Nc5 16. Qc2 a6 (16... d4 {and Black is better.}) 17. Rcd1 Qc7 18. Be1
Rfd8 19. Bg3 b5 {Now I have to play Bf3, but I was worried about the black N
coming into d3.} 20. f5 Bg5 {I missed how strong this move was.} 21. Bf4 Bxf4 {
And now I can't reply 22. exf4 because of 22...d4 with the threat of d3.} 22.
Rxf4 Qc6 23. Rfd4 Qh6 24. Qd2 Qg5 (24... Re8) 25. e4 Qxd2 26. R1xd2 {Now Black
should play 26....Re8, but this move is hard to play psychologically because
Black could have won that e-pawn back on move 22 with 22....Qxe5.} Nd7 27. Nxd5
Nxe5 (27... Bxd5 28. Rxd5 {And White wins a knight.}) 28. Ne7+ {and Black
resigned.} 1-0

[Event "3rd QCP Open &amp; Fort Worth Ch"]
[Site "Fort Worth, TX"]
[Date "2020.07.18"]
[Round "1"]
[White "Schwetke, Douglas"]
[Black "Deviprasath, Sharvesh"]
[Result "0-1"]
[WhiteElo "1500"]
[BlackElo "1977"]
[PlyCount "54"]
[EventDate "2020.07.18"]
[EventType "swiss"]
[EventRounds "5"]
[EventCountry "USA"]

1. d4 Nf6 2. c4 g6 3. Nc3 Bg7 4. e4 d6 5. Be2 O-O 6. Nf3 Nbd7 7. O-O e5 8. dxe5
dxe5 9. Bg5 c6 10. Qc2 h6 11. Bh4 g5 12. Bg3 Nh5 13. Rad1 Qe7 14. Rd2 Nf4 15.
Rfd1 Nc5 16. Bxf4 exf4 17. Nd4 g4 18. Nf5 Qg5 19. f3 Bxf5 20. exf5 gxf3 21.
Bxf3 Rae8 22. Ne4 Nxe4 23. Bxe4 Re5 24. Rd7 Rfe8 25. Bf3 Re1+ 26. Rxe1 Rxe1+
27. Kf2 Qh4+ 0-1

[Event "3rd QCP Open &amp; Fort Worth Ch"]
[Site "Fort Worth, TX"]
[Date "2020.07.18"]
[Round "1"]
[White "Xu, Jayden"]
[Black "Amburgy, Chris"]
[Result "1-0"]
[WhiteElo "1818"]
[BlackElo "1474"]
[PlyCount "62"]
[EventDate "2020.07.18"]
[EventType "swiss"]
[EventRounds "5"]
[EventCountry "USA"]

1. d4 Nf6 2. c4 e6 3. Nf3 b6 4. g3 Ba6 5. b3 Bb4+ 6. Bd2 Bd6 7. Nc3 Bb7 8. Bg2
O-O 9. Qc2 c5 10. e3 Nc6 11. O-O cxd4 12. exd4 Re8 13. Rad1 Nb4 14. Qb1 Be7 15.
a3 Nc6 16. b4 d5 17. Bf4 Bd6 18. Ne5 Bxe5 19. dxe5 Nd7 20. cxd5 Ncxe5 21. dxe6
Nf3+ 22. Bxf3 Bxf3 23. Rxd7 Qc8 24. exf7+ Kh8 25. fxe8=Q+ Qxe8 26. Qf5 Rd8 27.
Rxd8 Qxd8 28. Bg5 Qa8 29. Re1 Bh1 30. f3 Bxf3 31. Qxf3 h6 1-0

[Event "3rd QCP Open &amp; Fort Worth Ch"]
[Site "Fort Worth, TX"]
[Date "2020.07.18"]
[Round "1"]
[White "Abrams, Greyson"]
[Black "Fukuchi, Curtis"]
[Result "1-0"]
[WhiteElo "1459"]
[BlackElo "1811"]
[PlyCount "159"]
[EventDate "2020.07.18"]
[EventType "swiss"]
[EventRounds "5"]
[EventCountry "USA"]

1. e4 c5 2. Nf3 d6 3. c3 Nf6 4. Be2 Nc6 5. d3 g6 6. O-O Bg7 7. Nbd2 Qb6 8. Nc4
Qc7 9. a4 O-O 10. Bf4 Qd8 11. Qd2 Be6 12. Na3 Na5 13. Rab1 Ba2 14. Rbe1 Qd7 15.
b4 cxb4 16. cxb4 Qxa4 17. Qxa2 Qxb4 18. Rb1 Qa4 19. Rfc1 Rfc8 20. Ng5 Rxc1+ 21.
Rxc1 Qb3 22. Qxb3 Nxb3 23. Rc7 Kf8 24. Rxb7 Nc5 25. Rb1 h6 26. Nf3 Ne6 27. Be3
a5 28. h3 Nd7 29. d4 Nf6 30. Bd3 Rc8 31. Nc4 a4 32. Rb4 a3 33. Nxa3 Rc3 34.
Rb8+ Ne8 35. Bb5 N6c7 36. Bxe8 Nxe8 37. Nb1 Rc7 38. g4 e6 39. Nbd2 Ke7 40. Kg2
Nf6 41. g5 hxg5 42. Bxg5 Kd7 43. Rb4 Ne8 44. h4 Ra7 45. Rb1 Nc7 46. Rh1 Nb5 47.
Be3 Ra8 48. h5 gxh5 49. Rxh5 Rb8 50. Rh7 Rg8 51. Kh3 Nc7 52. Bh6 Bxh6 53. Rxh6
Ne8 54. Nc4 Ke7 55. Rh4 Nf6 56. e5 Ne8 57. exd6+ Nxd6 58. Nxd6 Kxd6 59. Rg4 Ra8
60. Ne5 f6 61. Nc4+ Kc6 62. Rg6 Rh8+ 63. Kg4 Kd5 64. Ne3+ Kxd4 65. Rxf6 Ke5 66.
Rg6 Rf8 67. Kg3 Kd6 68. f4 Ke7 69. Kg4 Kf7 70. Kg5 Rc8 71. Ng4 Ke7 72. Ne5 Kd6
73. Rg7 Kd5 74. Rd7+ Ke4 75. Rg7 Rf8 76. Rf7 Rg8+ 77. Ng6 Ra8 78. Kf6 Rg8 79.
Re7 Kd5 80. Rxe6 1-0

[Event "3rd QCP Open &amp; Fort Worth Ch"]
[Site "Fort Worth, TX"]
[Date "2020.07.18"]
[Round "1"]
[White "Tipton, Eric"]
[Black "Crane, Thomas"]
[Result "1-0"]
[WhiteElo "1794"]
[BlackElo "1454"]
[PlyCount "49"]
[EventDate "2020.07.18"]
[EventType "swiss"]
[EventRounds "5"]
[EventCountry "USA"]

1. e4 c6 2. c4 d5 3. cxd5 cxd5 4. exd5 Qxd5 5. Nc3 Qa5 6. Nf3 Nf6 7. d4 Bg4 8.
Be2 e6 9. O-O Be7 10. a3 O-O 11. h3 Bh5 12. g4 Bg6 13. Ne5 a6 14. b4 Bxb4 15.
axb4 Qxa1 16. Qb3 Rc8 17. Bb2 Qxf1+ 18. Bxf1 Nc6 19. Nxc6 Rxc6 20. Bg2 Rc7 21.
d5 exd5 22. Nxd5 Nxd5 23. Bxd5 Re8 24. Qd1 Rd8 25. Bxf7+ 1-0

[Event "3rd QCP Open &amp; Fort Worth Ch"]
[Site "Fort Worth, TX"]
[Date "2020.07.18"]
[Round "1"]
[White "Llewellyn, Brandon"]
[Black "Bufford, Adley"]
[Result "0-1"]
[WhiteElo "1380"]
[BlackElo "1772"]
[PlyCount "104"]
[EventDate "2020.07.18"]
[EventType "swiss"]
[EventRounds "5"]
[EventCountry "USA"]

1. d4 d5 2. Bf4 Bf5 3. c4 c6 4. Qb3 Qb6 5. c5 Qxb3 6. axb3 Nf6 7. e3 e6 8. b4
a6 9. b5 Bxb1 10. Rxb1 axb5 11. Nf3 Nbd7 12. Bd3 b6 13. b4 Be7 14. Bc7 O-O 15.
cxb6 Ra6 16. Ne5 Nxe5 17. Bxe5 Rxb6 18. Bc7 Ra6 19. O-O Rc8 20. Ba5 Ne8 21.
Rfc1 Nd6 22. Rc2 Bd8 23. Bxd8 Rxd8 24. Rbc1 Nc4 25. e4 Rda8 26. Bxc4 bxc4 27.
exd5 cxd5 28. Rb2 Ra1 29. Rbb1 Rxb1 30. Rxb1 Kf8 31. Kf1 Ra3 32. Ke2 Ke7 33.
Kd2 Rd3+ 34. Kc2 Rxd4 35. b5 Kd7 36. Kc3 Rd3+ 37. Kb4 Rb3+ 38. Rxb3 cxb3 39.
Kxb3 Kc7 40. f4 Kb6 41. Kb4 f6 42. g3 e5 43. fxe5 fxe5 44. h3 e4 45. g4 e3 46.
Kc3 Kxb5 47. h4 Kc5 48. Kd3 d4 49. g5 g6 50. Ke2 Kc4 51. Ke1 Kc3 52. Ke2 Kc2
0-1

[Event "3rd QCP Open &amp; Fort Worth Ch"]
[Site "Fort Worth, TX"]
[Date "2020.07.18"]
[Round "2"]
[White "Root, Alexey"]
[Black "Woodward, Andy"]
[Result "0-1"]
[WhiteElo "2000"]
[BlackElo "2169"]
[Annotator "Root, Alexey"]
[PlyCount "126"]
[EventDate "2020.07.18"]
[EventType "swiss"]
[EventRounds "5"]
[EventCountry "USA"]

1. d4 d5 2. Nf3 Nf6 3. e3 e6 4. c4 c6 5. Nc3 a6 6. Bd3 dxc4 7. Bxc4 b5 8. Bb3
c5 9. dxc5 Qxd1+ 10. Bxd1 Bxc5 11. a3 Bb7 12. b4 Bd6 13. Bb2 {I offered a draw
here.} Nbd7 14. O-O Ke7 15. Be2 Rac8 16. Rac1 Rhd8 17. Nb1 h6 18. h3 g5 19.
Rxc8 Rxc8 20. Rc1 Rg8 21. Nd4 Ne5 22. Nd2 g4 23. hxg4 Nfxg4 {Fritz recommends
e4, and I agree. I later ended up playing e4, but it would have been more
effective now.} 24. N2f3 h5 25. Nxe5 Nxe5 26. f3 Bd5 27. e4 Bb7 28. Nb3 Ng6 29.
Kf2 Nf4 30. Bf1 {Fritz states I have a small advantage here, but I felt as if
my kingside was under pressure.} e5 31. Nc5 Bc8 32. g3 {I offered a draw here
too. I was still hoping this would be a short 2nd round game on a 3-round
Saturday, but this game ended up being one of the last games going.} Ne6 33.
Nxe6 Bxe6 34. Rc6 Rc8 35. Rxc8 Bxc8 36. Ke3 Bc7 37. f4 Bb6+ 38. Kf3 Bg4+ 39.
Kg2 exf4 40. gxf4 h4 41. Bc1 Kf6 42. Kh2 Ke6 43. Bh3 f5 44. exf5+ Kxf5 45. Bg2
Bc7 46. Bb7 Bxf4+ 47. Bxf4 Kxf4 48. Bxa6 Bd7 49. Bb7 Ke3 50. Kg2 (50. Ba6 Kd4
51. Bxb5 Bxb5 52. Kh3 {This is where I missed my chance to draw this game.
This variation is a dead draw.}) 50... Kd4 51. Kf3 Kc3 52. Ke3 Kb3 53. Kd4 Kxa3
54. Kc5 h3 55. Bh1 Kb3 56. Bd5+ Kc3 57. Bh1 Bg4 58. Kxb5 Be2+ 59. Kc5 Bf1 60.
b5 Bg2 61. Bxg2 hxg2 62. b6 g1=Q+ 63. Kc6 Qg3 {And I resigned.} 0-1

[Event "3rd QCP Open &amp; Fort Worth Ch"]
[Site "Fort Worth, TX"]
[Date "2020.07.18"]
[Round "2"]
[White "Amburgy, Ryan"]
[Black "Xu, Jayden"]
[Result "1-0"]
[WhiteElo "2133"]
[BlackElo "1818"]
[PlyCount "85"]
[EventDate "2020.07.18"]
[EventType "swiss"]
[EventRounds "5"]
[EventCountry "USA"]

1. d4 Nf6 2. Nc3 e6 3. Bf4 d5 4. Nb5 Na6 5. e3 c6 6. Nc3 Bb4 7. Bxa6 Bxc3+ 8.
bxc3 bxa6 9. Ne2 a5 10. Rb1 Ba6 11. Ng3 Bc4 12. Rb7 Ne4 13. Qg4 Qf6 14. Nxe4
dxe4 15. Be5 Qg6 16. Qxg6 hxg6 17. Bxg7 Rh7 18. Be5 Bxa2 19. Kd2 Rh5 20. Ra1
Rxe5 21. Rxa2 Rg5 22. g3 Rf5 23. Ke2 Kd8 24. g4 Kc8 25. gxf5 Kxb7 26. fxe6 fxe6
27. Rxa5 Rh8 28. Re5 Rxh2 29. Rxe6 a5 30. Rxg6 Rh1 31. Rg5 Kb6 32. d5 cxd5 33.
Rxd5 a4 34. Rd4 Ka5 35. Rd8 Rh6 36. Ra8+ Ra6 37. Rxa6+ Kxa6 38. Kd2 a3 39. Kc1
Kb5 40. Kb1 Kc4 41. Ka2 Kxc3 42. Kxa3 Kxc2 43. Kb4 1-0

[Event "3rd QCP Open &amp; Fort Worth Ch"]
[Site "Fort Worth, TX"]
[Date "2020.07.18"]
[Round "2"]
[White "Bufford, Adley"]
[Black "Blakeman, Cole"]
[Result "0-1"]
[WhiteElo "1772"]
[BlackElo "2082"]
[PlyCount "48"]
[EventDate "2020.07.18"]
[EventType "swiss"]
[EventRounds "5"]
[EventCountry "USA"]

1. d4 Nf6 2. Nf3 e6 3. Nbd2 d5 4. e3 c5 5. c3 Bd6 6. Bd3 O-O 7. e4 dxe4 8. Nxe4
Nxe4 9. Bxe4 f5 10. Bc2 cxd4 11. cxd4 Nd7 12. Bb3 Nf6 13. Bg5 h6 14. Bxf6 Bb4+
15. Kf1 Qxf6 16. Qe2 Kh8 17. h4 Rd8 18. Rd1 a5 19. Ne5 b6 20. Qh5 Kh7 21. Nf7
Ba6+ 22. Kg1 Re8 23. d5 Be2 24. Rc1 Bxh5 0-1

[Event "3rd QCP Open &amp; Fort Worth Ch"]
[Site "Fort Worth, TX"]
[Date "2020.07.18"]
[Round "2"]
[White "Feldman, Konner"]
[Black "Tipton, Eric"]
[Result "0-1"]
[WhiteElo "2054"]
[BlackElo "1794"]
[PlyCount "70"]
[EventDate "2020.07.18"]
[EventType "swiss"]
[EventRounds "5"]
[EventCountry "USA"]

1. d4 Nf6 2. Nc3 d5 3. Bf4 Bf5 4. f3 e6 5. g4 Bg6 6. h4 h6 7. e3 a6 8. Bd3 Bxd3
9. Qxd3 c5 10. Nge2 Nc6 11. a3 Qb6 12. Kf2 Be7 13. Rad1 Nd7 14. Na4 Qd8 15.
Nxc5 Nxc5 16. dxc5 Bxc5 17. Qc3 Be7 18. g5 Rg8 19. e4 hxg5 20. hxg5 Qb6+ 21.
Be3 Qa5 22. b4 d4 23. Nxd4 Qe5 24. Ne2 Rc8 25. Qd3 Rd8 26. Nd4 Bxg5 27. Bxg5
Qxg5 28. Rhg1 Qh4+ 29. Ke3 Rxd4 30. Qc3 e5 31. Qc5 Qd8 32. Rb1 Qd6 33. Qb6 Qh6+
34. Kf2 Qh2+ 35. Rg2 Rd2+ 0-1

[Event "3rd QCP Open &amp; Fort Worth Ch"]
[Site "Fort Worth, TX"]
[Date "2020.07.18"]
[Round "2"]
[White "Deo, Shreyas"]
[Black "Steiner, Tim"]
[Result "0-1"]
[WhiteElo "1244"]
[BlackElo "2040"]
[PlyCount "102"]
[EventDate "2020.07.18"]
[EventType "swiss"]
[EventRounds "5"]
[EventCountry "USA"]

1. Nf3 f5 2. d4 Nf6 3. g3 e6 4. Bg2 Be7 5. O-O O-O 6. c4 d6 7. Nc3 Qe8 8. Bf4
Qh5 9. h4 h6 10. Nh2 g5 11. hxg5 hxg5 12. Bd2 e5 13. dxe5 dxe5 14. Nd5 Bd8 15.
Nf3 Ng4 16. Re1 Nc6 17. Bc3 f4 18. e4 Be6 19. a3 Rf7 20. b4 Qh8 21. Qc2 Bf6 22.
Nxf6+ Qxf6 23. b5 Ne7 24. Qb2 Ng6 25. Rad1 Bxc4 26. a4 a6 27. b6 fxg3 28. fxg3
Qc6 29. Nxe5 N6xe5 30. Bxe5 Qh6 31. Bf1 Bxf1 32. Rxf1 Qxb6+ 33. Qd4 Nxe5 34.
Qxb6 cxb6 35. Rxf7 Kxf7 36. Rf1+ Ke6 37. Rf5 Rc8 38. Kf2 Rc2+ 39. Ke3 Rc3+ 40.
Kf2 Nf7 41. Rd5 Rc4 42. a5 b5 43. Rd3 b4 44. e5 Nxe5 45. Rd8 b3 46. Rb8 Rb4 47.
g4 b2 48. Rxb7 Rxb7 49. Ke3 b1=Q 50. Kd4 Rd7+ 51. Ke3 Qe1# 0-1

[Event "3rd QCP Open &amp; Fort Worth Ch"]
[Site "Fort Worth, TX"]
[Date "2020.07.18"]
[Round "2"]
[White "Wenz, William"]
[Black "Abrams, Greyson"]
[Result "1/2-1/2"]
[WhiteElo "2001"]
[BlackElo "1459"]
[PlyCount "52"]
[EventDate "2020.07.18"]
[EventType "swiss"]
[EventRounds "5"]
[EventCountry "USA"]

1. e4 e5 2. Nc3 Nc6 3. f4 d6 4. Nf3 Nf6 5. Bc4 Be7 6. d3 Bg4 7. f5 d5 8. Bb3
dxe4 9. dxe4 Qxd1+ 10. Kxd1 Bxf3+ 11. gxf3 Rd8+ 12. Ke2 Nd4+ 13. Kf2 Nxb3 14.
axb3 a6 15. Be3 O-O 16. Rhg1 Kh8 17. Bg5 c6 18. Rad1 Bc5+ 19. Be3 Bxe3+ 20.
Kxe3 Nh5 21. Ne2 g6 22. Rxd8 Rxd8 23. fxg6 hxg6 24. Rg5 Re8 25. Nc1 Nf4 26. Nd3
Nxd3 1/2-1/2

[Event "3rd QCP Open &amp; Fort Worth Ch"]
[Site "Fort Worth, TX"]
[Date "2020.07.18"]
[Round "2"]
[White "Graham, Shaun"]
[Black "Heise, Robert"]
[Result "1-0"]
[WhiteElo "1813"]
[BlackElo "1567"]
[PlyCount "69"]
[EventDate "2020.07.18"]
[EventType "swiss"]
[EventRounds "5"]
[EventCountry "USA"]

1. c4 e5 2. g3 Nf6 3. Bg2 Bc5 4. Nc3 d6 5. e3 c6 6. Nge2 Bf5 7. d4 Bb6 8. b4
O-O 9. h3 Re8 10. d5 c5 11. bxc5 Bxc5 12. e4 Bd7 13. O-O h6 14. Rb1 Qc8 15. Kh2
Na6 16. Na4 Rb8 17. f3 b5 18. Nxc5 Nxc5 19. cxb5 Bxb5 20. Qd2 Qa6 21. Re1 Nd3
22. Rg1 Nc5 23. Bf1 Bd3 24. Rxb8 Rxb8 25. g4 Nh7 26. h4 g5 27. Ng3 Kg7 28. Nf5+
Kg6 29. Bxd3 Qxd3 30. Qxd3 Nxd3 31. h5+ Kf6 32. Ba3 Rc8 33. Bxd6 Rc2+ 34. Rg2
Rc8 35. Be7# 1-0

[Event "3rd QCP Open &amp; Fort Worth Ch"]
[Site "Fort Worth, TX"]
[Date "2020.07.18"]
[Round "2"]
[White "Davis, Timothy"]
[Black "Hollingsworth, Jim"]
[Result "0-1"]
[WhiteElo "1349"]
[BlackElo "1983"]
[PlyCount "108"]
[EventDate "2020.07.18"]
[EventType "swiss"]
[EventRounds "5"]
[EventCountry "USA"]

1. e4 e5 2. Nf3 Nf6 3. d4 Nxe4 4. dxe5 d6 5. exd6 Nxd6 6. Nc3 Be7 7. b3 O-O 8.
Bc4 Nxc4 9. bxc4 Qxd1+ 10. Nxd1 c6 11. h3 Be6 12. Ne3 Bf6 13. Rb1 b6 14. Bb2
Be7 15. O-O Nd7 16. Nd4 c5 17. Nxe6 fxe6 18. Rbd1 Rad8 19. Rfe1 Kf7 20. Ng4 h5
21. Ne5+ Nxe5 22. Bxe5 Rxd1 23. Rxd1 Rd8 24. Re1 Rd2 25. c3 Bf6 26. f4 Rxa2 27.
g4 hxg4 28. Bxf6 gxf6 29. h4 Rb2 30. Ra1 a5 31. Rd1 Rb3 32. h5 Rxc3 33. Rd7+
Kg8 34. Rd6 Rxc4 35. Rxb6 Rxf4 36. Rxe6 a4 37. Ra6 Kg7 38. Kg2 Kh6 39. Kg3 Kg5
40. Rd6 Rf3+ 41. Kg2 Kxh5 42. Rd5+ f5 43. Rxc5 a3 44. Ra5 Kg5 45. Ra8 Rb3 46.
Rg8+ Kf4 47. Ra8 Rb2+ 48. Kf1 a2 49. Ra5 Rb1+ 50. Ke2 a1=Q 51. Rxa1 Rxa1 52.
Kf2 Ra2+ 53. Kg1 Kf3 54. Kf1 Ra1# 0-1

[Event "3rd QCP Open &amp; Fort Worth Ch"]
[Site "Fort Worth, TX"]
[Date "2020.07.18"]
[Round "2"]
[White "Fukuchi, Curtis"]
[Black "Chryst, Thomas"]
[Result "1-0"]
[WhiteElo "1811"]
[BlackElo "1613"]
[PlyCount "59"]
[EventDate "2020.07.18"]
[EventType "swiss"]
[EventRounds "5"]
[EventCountry "USA"]

1. e4 e6 2. d4 d5 3. e5 c5 4. c3 Nc6 5. Nf3 Qb6 6. Bd3 Bd7 7. O-O cxd4 8. cxd4
Nxd4 9. Nbd2 Nxf3+ 10. Nxf3 Ne7 11. Be3 Qd8 12. Rc1 b6 13. h4 Nc6 14. Bf4 Rc8
15. Ng5 h6 16. Qh5 Qe7 17. Nxf7 g5 18. Nxh8+ Kd8 19. hxg5 Be8 20. g6 Qg7 21.
Nf7+ Kd7 22. Bxh6 Qg8 23. Bxf8 Qxf8 24. Nd6 Rc7 25. b4 Nxe5 26. Rxc7+ Kxd6 27.
Qh7 Bxg6 28. Bxg6 Nxg6 29. Qxg6 Kxc7 30. Qxe6 1-0

[Event "3rd QCP Open &amp; Fort Worth Ch"]
[Site "Fort Worth, TX"]
[Date "2020.07.18"]
[Round "2"]
[White "Teng, Benjamin"]
[Black "Schwetke, Douglas"]
[Result "1/2-1/2"]
[WhiteElo "1728"]
[BlackElo "1500"]
[PlyCount "80"]
[EventDate "2020.07.18"]
[EventType "swiss"]
[EventRounds "5"]
[EventCountry "USA"]

1. d4 Nf6 2. c4 g6 3. Nc3 d5 4. Nf3 Bg7 5. cxd5 Nxd5 6. e4 Nxc3 7. bxc3 O-O 8.
Bc4 c5 9. O-O Nc6 10. Bd5 Bg4 11. Be3 cxd4 12. cxd4 Bxf3 13. gxf3 Rc8 14. Rb1
b6 15. Bxc6 Rxc6 16. d5 Rc3 17. Rc1 Rxc1 18. Qxc1 f5 19. Qc4 Qd6 20. Qc6 fxe4
21. fxe4 Qe5 22. Qe6+ Qxe6 23. dxe6 h6 24. Rd1 Rf6 25. Rd8+ Kh7 26. Rd7 Rxe6
27. Rxa7 b5 28. Rb7 Rxe4 29. Rxb5 Ra4 30. Rb7 Rxa2 31. Rxe7 Ra4 32. Kg2 Kg8 33.
Rd7 Rc4 34. f4 Rc6 35. Kf3 Re6 36. Rb7 Rc6 37. Rb6 Rxb6 38. Bxb6 Kf7 39. Kg4
Ke6 40. Bc5 Bf6 1/2-1/2

[Event "3rd QCP Open &amp; Fort Worth Ch"]
[Site "Fort Worth, TX"]
[Date "2020.07.18"]
[Round "2"]
[White "Larsen, James"]
[Black "Morales, Stephen"]
[Result "0-1"]
[WhiteElo "1500"]
[BlackElo "1690"]
[PlyCount "90"]
[EventDate "2020.07.18"]
[EventType "swiss"]
[EventRounds "5"]
[EventCountry "USA"]

1. d4 Nf6 2. c4 g6 3. Nc3 Bg7 4. Bg5 d6 5. e3 Nbd7 6. Nf3 b6 7. Be2 Bb7 8. Qc2
O-O 9. O-O e5 10. Rad1 exd4 11. exd4 a6 12. Rfe1 Re8 13. b4 Qb8 14. Nd2 c5 15.
bxc5 dxc5 16. dxc5 Nxc5 17. Nb3 Nfe4 18. Nxe4 Nxe4 19. Bh4 Qf4 20. Bg3 Nxg3 21.
hxg3 Qe4 22. Qxe4 Bxe4 23. Bf3 Bxf3 24. gxf3 Rxe1+ 25. Rxe1 Kf8 26. Rd1 Ke7 27.
a4 Rd8 28. Re1+ Kd6 29. Kf1 Bf8 30. f4 Kc6 31. a5 Bb4 32. axb6 Bxe1 33. Kxe1
Kxb6 34. Ke2 a5 35. c5+ Kb5 36. c6 a4 37. c7 Rc8 38. Nd4+ Kc5 39. Kd3 Rxc7 40.
Nc2 Rb7 41. Kc3 Rb3+ 42. Kd2 a3 43. Na1 Rb2+ 44. Kc3 Rxf2 45. Nb3+ Kd5 0-1

[Event "3rd QCP Open &amp; Fort Worth Ch"]
[Site "Fort Worth, TX"]
[Date "2020.07.18"]
[Round "2"]
[White "Smith, Alan"]
[Black "Llewellyn, Brandon"]
[Result "1-0"]
[WhiteElo "1664"]
[BlackElo "1380"]
[PlyCount "41"]
[EventDate "2020.07.18"]
[EventType "swiss"]
[EventRounds "5"]
[EventCountry "USA"]

1. d4 d5 2. c4 e5 3. dxe5 d4 4. Nf3 Nc6 5. h3 Nge7 6. b4 Ng6 7. b5 Ncxe5 8.
Nxe5 Nxe5 9. Bb2 Nxc4 10. Bxd4 Be6 11. e3 Qd7 12. Qc2 Nb6 13. Bd3 Rd8 14. O-O
Be7 15. Nd2 Bf6 16. Nf3 h5 17. Rad1 Bxd4 18. Nxd4 h4 19. Bf5 Bxf5 20. Nxf5 Qc8
21. Qe4+ 1-0